000 00586nam a2200181 i 4500
001 63580
003 ES-MaACL
005 20230906164921.0
007 t|
008 031212s1943 sp ||||1| spa d
100 1 _aFerrio, Luigi.
_950586
245 1 0 _aManual de patología médica y terapéutica /
_cpor Luis Ferrio ; traducción de José Sopeña Boncompte.
260 _aBarcelona :
_bPubul,
_c1943 (
_fClarasó)
300 _aXXVIII, 980 p., 10 lám. ;
_c26 cm.
650 0 4 _aPatología.
_915884
700 1 _aSopeña Boncompte, José.
_9107318
852 _aES-MaACL
_jE-78
_bR.20890
999 _c63580
_d63580